| 000 | 00598nam a2200205 a 4500 | ||
|---|---|---|---|
| 005 | 20240910064043.0 | ||
| 008 | 140127s2010 mx r 000 0 spa d | ||
| 020 | _a9786070302541 | ||
| 035 | _aUPN01000195226 | ||
| 049 | _aCG | ||
| 050 | 4 |
_aJF1355 _bA3.4 |
|
| 245 | 0 | 0 |
_aAdministración pública / _ccomp. Enrique Cabrero. |
| 260 |
_aMéxico : _bSiglo XXI, _c2010. |
||
| 300 | _a220 p. | ||
| 440 | 0 |
_aBiblioteca básica de administración pública ; _v2 |
|
| 650 | 4 |
_aAdministración pública _9637 |
|
| 700 | 1 |
_aCabrero Mendoza, Enrique, _ecomp. _936199 |
|
| 905 | _aLibro | ||
| 999 |
_c167327 _d167327 |
||